zpět

Detail výsledku týmu

Zlatá Husa, Jindřichův Hradec

Datum a čas kvízu

28 Celkem bodů Celkový počet nahraných bodů na tomto kvízu bez doplňovacích otázek.
5. Pořadí na kvízu Konečné umístění týmu na tomto kvízu.

Zaznamenané odpovědi

# Otázka Odpověď Body Výsledky
1. Prvním jménem na českém vnitro... Kirill 1
2. Firma Mattel minulý týden před... Downův syndrom 1
3. V pondělí začal v New Yorku pr... Ed Sheeran 1
4. V úterý byl uskutečněn první p... z Japonska 0
5. Která stáj ovládla víkendovou... Red Bull 0
6. Pojďme zavzpomínat na filmy a... Malé ženy 0
7. Poslední díl seriálu Přátelé b... Kde? 1
8. Tato smutná scéna z Nekonečnéh... Átrej (Atrey, Atreyu) 0
9. Ze kterého seriálu je tato scé... Peaky Blinders (Gangy z Birminghamu) 1
10. Film Želary se do tohoto témat... Květa Legátová (vl. jm. Věra Hofmanová); Joza (Josef) 0.5